Rainbow Six Invitational 2018 - Statistiques

Statistiques générales
  • Ce quiz a été pris 80 fois
  • Le résultat moyen est 14 sur 96
Statistiques - réponses
NAT Team % Correct
DAN Pengu
71%
FRA BiBoo
52%
SWE Fabian
48%
SPA Goga
46%
CAN Canadian
45%
FIN Kantoraketti
45%
FRA BriD
43%
FRA Team Vitality
43%
BRA cameram4n
38%
BRA FaZe Clan
34%
BRA nesk
32%
BRA Team Liquid
32%
EUR PENTA Sports
30%
BEL risze
27%
FIN SHA77E
27%
FIN UUNO
27%
RUS JoyStiCK
25%
FRA Spark
25%
USA Yung
25%
BRA Astro
23%
FIN ENCE eSports
23%
USA Evil Geniuses
23%
FIN jOONAS
23%
SWI Panix
23%
USA supr
23%
FRA ZephiR
23%
FRA RaFaLe
21%
FRA Supremacy
21%
BRA xS3xyCake
21%
USA BC
20%
FIN Willkey
20%
USA nvK
18%
FIN Bounssi
16%
USA Necrox
16%
USA Rogue
16%
RUS ShepparD
16%
FRA Enemy
14%
MEX Geoometrics
14%
AUS Acez
13%
GER Hungry
13%
BRA Kamikaze
13%
FRA Voy
13%
BRA bullet1
11%
GER KS
11%
FRA Revan
11%
USA Slashug
11%
BRA gohaN
9%
BRA HSnamuringa
9%
AUS Magnet
9%
BRA mav
9%
AUS RizRaz
9%
RUS Shockwave
9%
BRA ziG
9%
BRA julio
7%
USA LaXInG
7%
BRA Psycho
7%
GER ripz
7%
JAP ShiN
7%
USA Skys
7%
GER 1UP eSport
5%
USA Avian
5%
BRA Black Dragons e-Sports
5%
USA Bosco
5%
USA Ecl9pse
5%
AUS Lusty
5%
JAP Papilia
5%
GER PARAA
5%
FIN ProtaX
5%
SWE REDGROOVE
5%
RUS Room Factory
5%
GER Vale
5%
USA England
4%
AUS MindFreak
4%
USA Shuttle
4%
BRA yoona
4%
CAN Bryan
2%
USA Counter Logic Gaming
2%
USA Easilyy
2%
JAP eiNs
2%
USA Kanine
2%
AUS Kngz
2%
JAP prototype_1z
2%
RUS PWN3F
2%
BRA pzd
2%
JAP SuzuC
2%
BRA wag
2%
BRA yuuk
2%
JAP Aeoer1na
0%
USA eRa Eternity
0%
BRA fk1
0%
BRA gCR
0%
USA GurmyWormy
0%
USA MahMan
0%
BRA Revo1Tz
0%
BRA SpawNsss
0%
BRA YeaH! Gaming
0%
Aucun quiz correspondant
Distribution des résultats
% des personnes avec chaque résultat
Percentile par nombre de réponses
Votre historique - résultats
Vous n’avez pas pris ce quiz